Обеспечение прав человека в деятельности органов внутренних дел (Запись № 226212)

Подробности
000 -МАРКЕР
контрольное поле 02482nam0a2200397 4500
001 - ИДЕНТИФИКАТОР ЗАПИСИ
контрольное поле RU\NLR\bibl\1249504
005 - ИДЕНТИФИКАТОР ВЕРСИИ
контрольное поле 20260407143614.0
010 ## - МЕЖДУНАРОДНЫЙ СТАНДАРТНЫЙ НОМЕР КНИГИ (ISBN)
Номер (ISBN) 978-5-7485-0449-2
Тираж 700
021 ## - НОМЕР ГОСУДАРСТВЕННОЙ РЕГИСТРАЦИИ
Код страны Российская Федерация
Номер 2008-37430
Номер Листа государственной регистраци 2063
035 ## - ДРУГИЕ СИСТЕМНЫЕ НОМЕРА
Идентификатор записи (NLR Aleph) 001235619
100 ## - ДАННЫЕ ОБЩЕЙ ОБРАБОТКИ
Данные общей обработки 20080707d2007 |||y0rusy50 ca
101 0# - ЯЗЫК РЕСУРСА
Язык текста, звукозаписи и т.д. русский
102 ## - СТРАНА ПУБЛИКАЦИИ ИЛИ ПРОИЗВОДСТВА
Страна публикации Российская Федерация
105 ## - ПОЛЕ КОДИРОВАННЫХ ДАННЫХ: ТЕКСТОВЫЕ МАТЕРИАЛЫ, МОНОГРАФИЧЕСКИЕ
Кодированные данные о монографическом текстовом документе y |||||||||
200 1# - ЗАГЛАВИЕ И СВЕДЕНИЯ ОБ ОТВЕТСТВЕННОСТИ
Основное заглавие Обеспечение прав человека в деятельности органов внутренних дел
Сведения, относящиеся к заглавию курс лекций
Первые сведения об ответственности [С. В. Андреев, Р. С. Байниязов, А. С. Мордовец и др.]
Последующие сведения об ответственности под ред. д. ю. н., проф., засл. работника высш. шк. России А. С. Мордовца
-- Федер. гос. образоват. учреждение высш. проф. образования "Сарат. юрид. ин-т МВД России"
210 ## - ПУБЛИКАЦИЯ, РАСПРОСТРАНЕНИЕ И ДР.
Место издания, распространения и т.д. Саратов
Имя издателя, распространителя и т. д. Саратовский юридический институт
Дата издания, распространения и т.д. 2007
215 ## - ФИЗИЧЕСКАЯ ХАРАКТЕРИСТИКА
Специфическое обозначение материала и объем 247 с.
Размеры 21
300 ## - ОБЩИЕ ПРИМЕЧАНИЯ
Текст примечания Авт. указаны на обороте тит.л.
320 ## - ПРИМЕЧАНИЯ О НАЛИЧИИ В ДОКУМЕНТЕ БИБЛИОГРАФИИ / УКАЗАТЕЛЯ
Текст примечания Библиогр. в подстроч. прим.
606 1# - НАИМЕНОВАНИЕ ТЕМЫ КАК ПРЕДМЕТ
Наименование темы Органы внутренних дел
Формальный подзаголовок Учебные издания для высших учебных заведений
Тематический подзаголовок Обеспечение прав граждан
Географический подзаголовок Российская Федерация
Системный номер авторитетной/нормативной записи 2073860
Идентификатор авторитетной/нормативной записи RU\NLR\auth\661248809
606 1# - НАИМЕНОВАНИЕ ТЕМЫ КАК ПРЕДМЕТ
Наименование темы Права человека
Формальный подзаголовок Учебные издания для высших учебных заведений
Тематический подзаголовок Обеспечение
Географический подзаголовок Российская Федерация
Системный номер авторитетной/нормативной записи 2406462
Идентификатор авторитетной/нормативной записи RU\NLR\auth\661434124
686 ## - ИНДЕКСЫ ДРУГИХ КЛАССИФИКАЦИЙ
Индекс Х621.163.1я73
686 ## - ИНДЕКСЫ ДРУГИХ КЛАССИФИКАЦИЙ
Индекс Х620.32я73
701 #1 - ИМЯ ЛИЦА - АЛЬТЕРНАТИВНАЯ ОТВЕТСТВЕННОСТЬ
Код отношения Автор
Материалы, к которым относится поле rus
Графика поля Кириллица
Начальный элемент ввода Андреев
Часть имени, кроме начального элемента ввода С. В.
Дополнения к именам, кроме дат юрист, права человека
Идентификатор авторитетной/нормативной записи RU\NLR\AUTH\7771702
Системный номер авторитетной/нормативной записи 54630
701 #1 - ИМЯ ЛИЦА - АЛЬТЕРНАТИВНАЯ ОТВЕТСТВЕННОСТЬ
Начальный элемент ввода Байниязов
Часть имени, кроме начального элемента ввода Р. С.
Расширение инициалов личного имени Рустам Сулейманович
Код отношения Автор
701 #1 - ИМЯ ЛИЦА - АЛЬТЕРНАТИВНАЯ ОТВЕТСТВЕННОСТЬ
Начальный элемент ввода Мордовец
Часть имени, кроме начального элемента ввода А. С.
Расширение инициалов личного имени Александр Сергеевич
Код отношения Автор
702 #1 - ИМЯ ЛИЦА - ВТОРИЧНАЯ ОТВЕТСТВЕННОСТЬ
Начальный элемент ввода Мордовец
Часть имени, кроме начального элемента ввода А. С.
Расширение инициалов личного имени Александр Сергеевич
Код отношения Редактор
712 02 - НАИМЕНОВАНИЕ ОРГАНИЗАЦИИ - ВТОРИЧНАЯ ОТВЕТСТВЕННОСТЬ
Код отношения Прочие
Начальный элемент ввода Саратовский юридический институт Министерства внутренних дел Российской Федерации
Идентификатор авторитетной/нормативной записи RU\NLR\AUTH\8810015965
Системный номер авторитетной/нормативной записи 529795
801 #0 - ИСТОЧНИК ЗАПИСИ
Страна Российская Федерация
Организация NLR
Дата составления 20080707
Правила каталогизации RCR
801 #1 - ИСТОЧНИК ЗАПИСИ
Страна Российская Федерация
Организация NLR
Дата составления 20080707
830 ## - ОБЩЕЕ ПРИМЕЧАНИЕ, СОСТАВЛЕННОЕ КАТАЛОГИЗАТОРОМ
Текст примечания Авт. по эк
942 ## - ДОПОЛНИТЕЛЬНЫЕ ЭЛЕМЕНТЫ ЗАПИСИ (АБИС)
Тип экземпляра АБИС Книга
980 ## - КОЛЛЕКЦИЯ
Название коллекции Национальная библиография
Экземпляры
Тип экземпляра Дата поступления Источник поступления Библиотека постоянного хранения Библиотека текущего хранения Место хранения Шифр хранения Штрих-код Статус экземпляра
Книга 07.07.2008 Обязательный экземпляр РНБ (Московский) РНБ (Московский) Русский книжный фонд: издания с 1957 года 2008-3/20088 2711383  
Книга 07.07.2008 Обязательный экземпляр РНБ (Московский) РНБ (Московский) Русский книжный фонд: издания с 1957 года 2008-3/20088 2711384